00594nab a2200169 4500001000700000003000400007005001700011007000300028008001900031040002100050245020500071264000900276653002100285653001600306653001300322773008900335244442OSt20250528115329.0tu200917s2020||||||| aDE-2950cDE-295000aMüssen Hausbesitzer bald noch mehr zahlen?bHebesatz.- In Frankfurt müssen viele Eigentümer demnächst wohl mit einer höheren Grundsteuer rechnen. Was die Gründe dafür sind/cThomas Gutke c2024 aFrankfurt (Oder) aGrundsteuer aHebesatz0 g36. Jahrgang (2025) Nr. 115 vom 19.05.2025, S. 11 mit FototMärkische Oderzeitung